00628nam a22001697a 4500020001600000082001400016100001800030245006200048260003500110300002700145650004800172700003100220856005700251942001200308999001900320952011900339 qHard Cover. aBEE-5 TAH aTaha Mujahid. aHuman Physiological Parameter Monitoring /cMujahid, Taha aIslamabad:bSEECS-NUST,c2012. a42 p. :bill. ;c30cm. aBachelor in Electrical Engineering .955460 aDr. Saad Bin Qaiser955476 uhttp://10.250.8.41:8080/xmlui/handle/123456789/10713 2ddccPR c566325d566325 00102ddc406BEE_5_TAH709548143aCLbCLcTHEd2021-06-25l0oBEE-5 TAHpSEECSP01113r2021-06-25w2021-06-25yPR